| 000 | 00431nam a2200169Ia 4500 | ||
|---|---|---|---|
| 005 | 20250423101056.0 | ||
| 008 | 250422s9999 xx 000 0 und d | ||
| 020 | _a0- 619- 21325- 6 | ||
| 050 | _aQA 76.9 .S3516/ | ||
| 100 | _aSatzinger Jackson Burd | ||
| 245 | 0 | _aSystems analysis & design in a changing world | |
| 250 | _a3rd ed. | ||
| 260 | _bThomson Course technology | ||
| 260 | _c2011 | ||
| 300 | _a783 p | ||
| 942 | _cBK | ||
| 999 |
_c35207 _d35207 |
||